[Event "DOM-ch"]
[Site "Santo Domingo"]
[Date "2016.04.09"]
[Round "7"]
[White "De la Rosa Brito, Willy"]
[Black "Abreu Jean, Carlos Paul"]
[Result "0-1"]
[WhiteElo "2081"]
[BlackElo "2265"]
[PlyCount "36"]
[EventDate "2016.04.01"]
[EventType "swiss"]
[EventRounds "11"]
[EventCountry "DOM"]
[SourceTitle "CBM 171 Extra"]
[Source "ChessBase"]
[SourceDate "2016.04.26"]
[SourceVersion "1"]
[SourceVersionDate "2016.04.26"]
[SourceQuality "1"]

1. e4 c6 2. Nc3 d5 3. Nf3 Bg4 4. h3 Bxf3 5. Qxf3 e6 6. Qg3 Nf6 7. d3 Nbd7 8. Bd2 Qb6 9. Rb1 Bb4 10. e5 Nh5 11. Qf3 g6 12. g4 Ng7 13. Qe2 0-0 14. a3 Be7 15. Bg2 f6 16. exf6 Bxf6 17. Kd1 Bxc3 18. Bxc3 Rxf2 0-1

[Event "DOM-ch"]
[Site "Santo Domingo"]
[Date "2016.04.08"]
[Round "5"]
[White "Lugo Matos, Richards Reynier"]
[Black "De la Rosa Brito, Willy"]
[Result "0-1"]
[WhiteElo "2171"]
[BlackElo "2081"]
[PlyCount "38"]
[EventDate "2016.04.01"]
[EventType "swiss"]
[EventRounds "11"]
[EventCountry "DOM"]
[SourceTitle "CBM 171 Extra"]
[Source "ChessBase"]
[SourceDate "2016.04.26"]
[SourceVersion "1"]
[SourceVersionDate "2016.04.26"]
[SourceQuality "1"]

1. e4 c5 2. Nf3 Nc6 3. Bb5 g6 4. Bxc6 bxc6 5. 0-0 Bg7 6. e5 Nh6 7. d3 0-0 8. Nc3 Rb8 9. Bf4 Nf5 10. Rb1 Nd4 11. Ne4 Ne6 12. Bg3 h6 13. Qd2 a5 14. a4 Rb4 15. b3 Re8 16. Qc1 Rb6 17. Nfd2 Ba6 18. f4 d5 19. exd6 exd6 0-1

[Event "Santo Domingo Duarte Memorial 5th"]
[Site "Santo Domingo"]
[Date "2016.01.15"]
[Round "5"]
[White "De la Rosa Brito, Willy"]
[Black "Mejia, Juan Alberto"]
[Result "1-0"]
[WhiteElo "2088"]
[BlackElo "1922"]
[PlyCount "47"]
[EventDate "2016.01.08"]
[EventType "swiss"]
[EventRounds "8"]
[EventCountry "DOM"]
[SourceTitle "CBM 170 Extra"]
[Source "ChessBase"]
[SourceDate "2016.02.25"]
[SourceVersion "1"]
[SourceVersionDate "2016.02.25"]
[SourceQuality "1"]

1. e4 c5 2. Ne2 g6 3. g3 Bg7 4. Bg2 Nc6 5. 0-0 e6 6. d3 Nge7 7. Nbc3 a6 8. Bg5 Rb8 9. Qd2 b5 10. Bh6 0-0 11. Bxg7 Kxg7 12. d4 cxd4 13. Nxd4 Qb6 14. Nf3 b4 15. Ne2 d5 16. e5 a5 17. Rfd1 Ba6 18. Nf4 Rbc8 19. h4 Nf5 20. Bh3 Nxg3 21. Re1 Ne4 22. Rxe4 dxe4 23. Nh5+ Kh8 24. Qh6 1-0

[Event "DOM-ch"]
[Site "Santo Domingo"]
[Date "2015.05.08"]
[Round "5"]
[White "Feliz Novas, Samuel"]
[Black "De la Rosa Brito, Willy"]
[Result "0-1"]
[WhiteElo "2016"]
[BlackElo "2096"]
[PlyCount "46"]
[EventDate "2015.05.01"]
[EventType "swiss"]
[EventRounds "11"]
[EventCountry "DOM"]
[SourceTitle "CBM 166 Extra"]
[Source "ChessBase"]
[SourceDate "2015.06.18"]
[SourceVersion "1"]
[SourceVersionDate "2015.06.18"]
[SourceQuality "1"]

1. d4 Nf6 2. c4 g6 3. Nc3 Bg7 4. e4 d6 5. Nf3 0-0 6. Be2 e5 7. 0-0 Nc6 8. d5 Ne7 9. Ne1 Ne8 10. Be3 f5 11. f3 f4 12. Bf2 g5 13. b4 h5 14. Rc1 Ng6 15. c5 Rf7 16. h3 Bh6 17. cxd6 cxd6 18. Nd3 Rg7 19. a4 Nh4 20. Qe1 Qd7 21. Kh1 Nxg2 22. Kxg2 Qxh3+ 23. Kg1 g4 0-1

[Event "DOM-ch"]
[Site "Santo Domingo"]
[Date "2015.05.03"]
[Round "4"]
[White "De la Rosa Brito, Willy"]
[Black "Reyes Capellan, Elby"]
[Result "0-1"]
[WhiteElo "2096"]
[BlackElo "1980"]
[PlyCount "84"]
[EventDate "2015.05.01"]
[EventType "swiss"]
[EventRounds "11"]
[EventCountry "DOM"]
[SourceTitle "CBM 166 Extra"]
[Source "ChessBase"]
[SourceDate "2015.06.18"]
[SourceVersion "1"]
[SourceVersionDate "2015.06.18"]
[SourceQuality "1"]

1. e4 d6 2. Nf3 c5 3. d4 cxd4 4. Nxd4 Nf6 5. Nc3 a6 6. Bg5 e6 7. f4 Be7 8. Qf3 Qc7 9. 0-0-0 Nc6 10. Nxc6 bxc6 11. e5 dxe5 12. fxe5 Nd5 13. Bxe7 Kxe7 14. Ne4 Qxe5 15. Qa3+ Kd7 16. Nc5+ Kc7 17. Qa5+ Kd6 18. Kb1 Rb8 19. Na4 Ke7 20. c4 Rxb2+ 21. Kc1 Rc2+ 22. Kb1 Nc3+ 23. Kxc2 Qxa5 24. Nxc3 e5 25. Bd3 Be6 26. Rb1 Rd8 27. Rb7+ Rd7 28. Rhb1 g6 29. a4 Kf8 30. Rb8+ Kg7 31. Rf1 Rd4 32. Rb7 Rd7 33. Rb8 f5 34. Rfb1 e4 35. Be2 e3 36. R8b7 Rxb7 37. Rxb7+ Kf6 38. g3 h5 39. Kd3 Qc5 40. Kc2 Bxc4 41. Bf3 e2 42. Rb1 Qe3 0-1

[Event "Santo Domingo op"]
[Site "Santo Domingo"]
[Date "2010.06.03"]
[Round "2"]
[White "Hernandez, Gustavo3333"]
[Black "De la Rosa Brito, Willy"]
[Result "0-1"]
[WhiteElo "2287"]
[BlackElo "2029"]
[PlyCount "56"]
[EventDate "2010.06.02"]
[EventType "swiss"]
[EventRounds "9"]
[EventCountry "DOM"]
[SourceTitle "EXT 2011"]
[Source "ChessBase"]
[SourceDate "2010.11.26"]
[SourceVersion "1"]
[SourceVersionDate "2010.11.26"]
[SourceQuality "1"]

1. c4 Nf6 2. Nc3 g6 3. g3 Bg7 4. Bg2 0-0 5. e4 d6 6. Nge2 Nbd7 7. 0-0 e5 8. d3 c6 9. h3 a5 10. Be3 Nc5 11. Qd2 a4 12. Rad1 Re8 13. Bh6 Bh8 14. f4 b5 15. cxb5 cxb5 16. Kh2 b4 17. Nd5 Nxd5 18. exd5 e4 19. dxe4 Nxe4 20. Qc2 b3 21. axb3 axb3 22. Qb1 Ra2 23. Nd4 Qb6 24. Rfe1 f5 25. Bxe4 Rxe4 26. Rxe4 Rxb2+ 27. Kh1 Rxb1 28. Rxb1 Kf7 0-1